| 000 | 00767nam a22003017a 4500 | ||
|---|---|---|---|
| 001 | BR2017003188 | ||
| 003 | BR-BrBNA | ||
| 005 | 20230928105208.0 | ||
| 007 | ta | ||
| 008 | 230509b bl.||||| |||| 00| 0 por d | ||
| 040 |
_aBR-BrBNA _bpor _cBiblioteca Nacional de Agricultura |
||
| 041 | _a(Por) | ||
| 072 | _aE40 | ||
| 090 | _ E40 BR2017003188 | ||
| 100 | 1 | _aPolonio, W.A. | |
| 245 | 1 | _aManual das sociedades cooperativas | |
| 250 | 1 | _a4. ed. | |
| 260 | 3 |
_aSão Paulo, SP (Brasil): _bEditora Atlas S.A., _c2004. |
|
| 300 | _a244 p. | ||
| 500 | _a36 ref. | ||
| 650 | _aCOOPERATIVA DE CONSUMO | ||
| 650 | _aIMPOSTO DE RENDA | ||
| 650 | _aICMS | ||
| 650 | _aCONTABILIDADE | ||
| 650 | _aNORMA | ||
| 909 |
_a202309 _bLucia _c55 _dLucia Elande |
||
| 942 | _cBK | ||
| 999 |
_c83964 _d83964 |
||